[Event "Airthings Masters Div 3 W"]
[Site "chess.com INT"]
[Date "2023.02.06"]
[Round "2.3"]
[White "Dreev, Aleksey"]
[Black "Lenderman, Aleksandr"]
[Result "0-1"]
[WhiteTitle "GM"]
[BlackTitle "GM"]
[WhiteElo "2606"]
[BlackElo "2572"]
[WhiteFideId "4100107"]
[BlackFideId "2021285"]
[EventDate "2023.02.06"]

1. d4 Nf6 2. c4 c6 3. Bf4 Qb6 4. Qd2 Ne4 5. Qc2 d6 6. Nf3 Bf5 7. Qb3 Na6 8. g3
e5 9. Be3 Nb4 10. Na3 Qa5 11. O-O-O exd4 12. Bxd4 Be7 13. Nh4 Bg5+ 14. f4 Bxh4
15. gxh4 O-O-O 16. Rg1 Nc5 17. Bxc5 dxc5 18. Bg2 Qc7 19. Rgf1 Rxd1+ 20. Kxd1
Rd8+ 21. Ke1 Qe7 22. Kf2 Rd2 23. Bf3 Nd3+ 24. Kg3 Qd6 25. Bh5 Qd4 26. Nc2 Rxc2
27. Qxc2 Qe3+ 28. Bf3 Qxf4+ 0-1

[Event "Airthings Masters Div 3 W"]
[Site "chess.com INT"]
[Date "2023.02.06"]
[Round "2.1"]
[White "Svidler, Peter"]
[Black "Maghsoodloo, Parham"]
[Result "1-0"]
[WhiteTitle "GM"]
[BlackTitle "GM"]
[WhiteElo "2683"]
[BlackElo "2728"]
[WhiteFideId "4102142"]
[BlackFideId "12539929"]
[EventDate "2023.02.06"]

1. e4 c5 2. Nf3 d6 3. d4 cxd4 4. Nxd4 Nf6 5. Nc3 a6 6. Bd3 g6 7. a4 Bg7 8. a5
O-O 9. O-O e5 10. Nb3 Be6 11. Be3 Nbd7 12. Be2 Qc7 13. Nd5 Bxd5 14. exd5 Ne4 15.
f3 Nec5 16. Nxc5 Nxc5 17. b4 Nd7 18. c4 f5 19. Rc1 f4 20. Bf2 e4 21. fxe4 Be5
22. Bg4 Nf6 23. Be6+ Kh8 24. Qd3 Qg7 25. c5 g5 26. cxd6 g4 27. Bd4 Nd7 28. Rfd1
Bxd4+ 29. Qxd4 Ne5 30. Rc7 Qf6 31. Bf5 Rae8 32. Rxh7+ Kg8 33. d7 Rd8 34. Rh5 Kg7
35. Bxg4 Nxg4 36. Rg5+ Kh6 37. Rxg4 Qe7 38. Rd3 Kh5 39. Rg7 1-0

[Event "Airthings Masters Div 3 W"]
[Site "chess.com INT"]
[Date "2023.02.06"]
[Round "2.2"]
[White "Maghsoodloo, Parham"]
[Black "Svidler, Peter"]
[Result "1-0"]
[WhiteTitle "GM"]
[BlackTitle "GM"]
[WhiteElo "2728"]
[BlackElo "2683"]
[WhiteFideId "12539929"]
[BlackFideId "4102142"]
[EventDate "2023.02.06"]

1. d4 Nf6 2. c4 g6 3. h4 c5 4. d5 e6 5. Nc3 exd5 6. cxd5 d6 7. e4 a6 8. h5 Nxh5
9. g4 Nf6 10. g5 Nh5 11. Be2 Nd7 12. Bxh5 gxh5 13. f4 b5 14. Qxh5 Qe7 15. Qe2 b4
16. Nd1 a5 17. Nf2 Ba6 18. Qf3 f5 19. gxf6 Nxf6 20. Ne2 O-O-O 21. a3 Nxd5 22.
axb4 Nxb4 23. Rxa5 Bb7 24. Bd2 Nc6 25. Ra4 Bg7 26. Bc3 Kb8 27. Qd3 Rhe8 28. Qb5
Bxc3+ 29. bxc3 Kc7 30. Rh6 Qg7 31. Rh5 Qg6 32. Rg5 Qf7 33. Ng4 Rb8 34. Nh6 Qf6
35. Ng4 Qf7 36. Ne3 Nd8 37. Nf5 Ne6 38. Rg3 Qd7 39. Qa5+ Kc8 40. Rd3 d5 41. e5
c4 42. Rxc4+ 1-0

[Event "Airthings Masters Div 3 W"]
[Site "chess.com INT"]
[Date "2023.02.06"]
[Round "2.3"]
[White "Svidler, Peter"]
[Black "Maghsoodloo, Parham"]
[Result "0-1"]
[WhiteTitle "GM"]
[BlackTitle "GM"]
[WhiteElo "2683"]
[BlackElo "2728"]
[WhiteFideId "4102142"]
[BlackFideId "12539929"]
[EventDate "2023.02.06"]

1. e4 e5 2. Nf3 Nc6 3. Bb5 a6 4. Ba4 Nf6 5. O-O b5 6. Bb3 Bc5 7. a4 Rb8 8. Nxe5
Nxe5 9. d4 Bxd4 10. Qxd4 d6 11. f3 O-O 12. Nc3 Be6 13. Bxe6 fxe6 14. axb5 axb5
15. f4 Nc6 16. Qd3 b4 17. Ne2 d5 18. Ra6 Qd7 19. Ng3 Ra8 20. Rxa8 Rxa8 21. e5
Ng4 22. h3 Nh6 23. Be3 d4 24. Bf2 Qd5 25. b3 Ra2 26. Re1 Ne7 27. Ne4 Nhf5 28. g4
Ne3 29. Bxe3 dxe3 30. Rxe3 h6 31. Rf3 Qxd3 32. cxd3 Nc6 33. Rf2 Ra1+ 34. Kg2 Nd4
35. f5 Ra5 36. f6 Rxe5 37. f7+ Kf8 38. h4 Nxb3 39. g5 Nc5 40. g6 Nxd3 41. Nf6
gxf6 42. Rxf6 Re2+ 43. Kg3 Re3+ 44. Kg4 Ne5+ 45. Kf4 Nd7 0-1

[Event "Airthings Masters Div 3 W"]
[Site "chess.com INT"]
[Date "2023.02.06"]
[Round "2.1"]
[White "Sevian, Samuel"]
[Black "Durarbayli, Vasif"]
[Result "1/2-1/2"]
[WhiteTitle "GM"]
[BlackTitle "GM"]
[WhiteElo "2687"]
[BlackElo "2635"]
[WhiteFideId "2040506"]
[BlackFideId "13402935"]
[EventDate "2023.02.06"]

1. e4 e5 2. Nf3 Nc6 3. Bb5 a6 4. Ba4 Nf6 5. O-O Be7 6. Re1 b5 7. Bb3 O-O 8. a4
Bb7 9. d3 d6 10. Bd2 Qd7 11. Nc3 Na5 12. Ba2 b4 13. Ne2 c5 14. Ng3 Rab8 15. c3
b3 16. Bb1 Bc8 17. c4 Nc6 18. Ra3 Qb7 19. h3 Bd8 20. a5 Nd4 21. Bc3 Nxf3+ 22.
Qxf3 Ne8 23. Qe2 Nc7 24. Nf1 Bg5 25. Ne3 Ne6 26. Qd1 Nf4 27. h4 Bd8 28. g3 Ne6
29. Nf1 Nd4 30. Nd2 Qd7 31. Bxd4 cxd4 32. Rxb3 Rxb3 33. Qxb3 Bxa5 34. Rd1 Qg4
35. Qc2 f5 36. exf5 Bxf5 37. Ne4 Bb4 38. c5 Bxc5 39. Re1 Bxe4 40. Rxe4 Qf5 41.
Ba2+ Kh8 42. Bd5 h6 43. Kg2 Qf3+ 44. Kg1 Qf5 45. Qe2 a5 46. Kg2 Bb4 47. Rg4 Be1
48. f3 Bb4 49. Be4 Qf7 50. Bg6 Qb3 51. Kh3 Qa2 52. Be4 Qe6 53. Kg2 d5 54. Bg6
Rc8 55. h5 Qf6 56. f4 Bd6 57. fxe5 Bxe5 58. Rh4 Rb8 59. Rh1 Qg5 60. Qf2 Qe3 61.
Rf1 Bf6 62. Kh3 Qe6+ 63. Kg2 Qe3 64. Kh3 Qe6+ 65. Kg2 Qe3 1/2-1/2

[Event "Airthings Masters Div 3 W"]
[Site "chess.com INT"]
[Date "2023.02.06"]
[Round "2.2"]
[White "Durarbayli, Vasif"]
[Black "Sevian, Samuel"]
[Result "0-1"]
[WhiteTitle "GM"]
[BlackTitle "GM"]
[WhiteElo "2635"]
[BlackElo "2687"]
[WhiteFideId "13402935"]
[BlackFideId "2040506"]
[EventDate "2023.02.06"]

1. e4 e5 2. Nf3 Nc6 3. Bc4 Bc5 4. O-O Nf6 5. d3 d6 6. c3 a5 7. Re1 Ba7 8. Nbd2
O-O 9. h3 h6 10. Nf1 Be6 11. Bb5 Ne7 12. d4 exd4 13. cxd4 d5 14. e5 Ne4 15. Be3
Nf5 16. Rc1 c5 17. dxc5 Nxe3 18. Nxe3 Bxc5 19. Bd3 Rc8 20. Rc2 Qb6 21. Qe2 Rc6
22. Kf1 Qa7 23. Nxd5 Nxf2 24. Ne7+ Bxe7 25. Qxf2 Qxf2+ 26. Kxf2 Bb4 27. Ra1
Rxc2+ 28. Bxc2 Rc8 29. Be4 b5 30. Ke2 a4 31. Bd3 Rc5 32. a3 Ba5 33. Ke3 g6 34.
h4 Bc7 35. Be4 Bg4 36. Rd1 Be6 37. Rd2 Kg7 38. Rc2 Bc4 39. Rd2 Bb3 0-1

[Event "Airthings Masters Div 3 W"]
[Site "chess.com INT"]
[Date "2023.02.06"]
[Round "2.1"]
[White "Le, Tuan Minh"]
[Black "Hakobyan, Aram"]
[Result "1/2-1/2"]
[WhiteTitle "GM"]
[BlackTitle "GM"]
[WhiteElo "2542"]
[BlackElo "2620"]
[WhiteFideId "12401153"]
[BlackFideId "13306677"]
[EventDate "2023.02.06"]

1. d4 Nf6 2. Nf3 d5 3. Bg5 Ne4 4. Bf4 c5 5. c3 Nc6 6. e3 Bg4 7. Qb3 Qb6 8. Nbd2
Nxd2 9. Nxd2 e6 10. h3 Bf5 11. Be2 Be7 12. O-O O-O 13. Rfe1 Rfc8 14. Bf1 h6 15.
dxc5 Bxc5 16. Qxb6 Bxb6 17. e4 dxe4 18. Nxe4 Bxe4 19. Rxe4 Rd8 20. Rae1 Rd7 21.
a4 Rad8 22. Bb5 Rd1 23. Kf1 g5 24. Bc1 Na5 25. Ke2 R1d6 26. Bc4 Kg7 27. Ba2 Nc6
28. h4 f5 29. Rxe6 Rxe6+ 30. Bxe6 Kf6 31. Kf1 Ne5 32. Bb3 f4 33. Bc2 Ng4 34. Re2
Rd7 35. b4 a6 36. a5 Ba7 37. c4 Bd4 38. g3 f3 39. Re4 Ne5 40. c5 Bc3 41. h5 Rd4
42. Rxd4 Bxd4 43. Be4 Nc6 44. b5 Nxa5 45. bxa6 bxa6 46. c6 Be5 47. Bxf3 Ke6 48.
Be2 Nxc6 49. Bxa6 Kf6 50. Kg2 Kg7 51. Kf3 Bf6 52. Ke4 Ne5 53. Be2 Nf7 54. Kf5
Nd6+ 55. Ke6 Ne4 56. Be3 Bc3 57. Bd3 Nf6 58. Be2 Ne4 59. Bf3 Nf6 60. Bd1 Ne4 61.
Kd5 Nf6+ 62. Kc4 Bb2 63. g4 Be5 64. Kb5 Nd5 65. Kc6 Nxe3 66. fxe3 Kf6 67. Kd5
Bg3 1/2-1/2

[Event "Airthings Masters Div 3 W"]
[Site "chess.com INT"]
[Date "2023.02.06"]
[Round "2.2"]
[White "Hakobyan, Aram"]
[Black "Le, Tuan Minh"]
[Result "0-1"]
[WhiteTitle "GM"]
[BlackTitle "GM"]
[WhiteElo "2620"]
[BlackElo "2542"]
[WhiteFideId "13306677"]
[BlackFideId "12401153"]
[EventDate "2023.02.06"]

1. e4 c5 2. Nf3 Nf6 3. e5 Nd5 4. Nc3 Nxc3 5. dxc3 Nc6 6. Bf4 Qb6 7. b3 Qa5 8.
Qd2 h6 9. h4 d5 10. exd6 exd6 11. Bc4 Be6 12. Bxe6 fxe6 13. O-O Be7 14. Rfe1 e5
15. Bg3 O-O 16. Rad1 Rad8 17. Qd3 Kh8 18. Nd2 d5 19. Bxe5 Nxe5 20. Rxe5 Bxh4 21.
Nf3 Bf6 22. Rf5 Qxa2 23. Ne5 Bxe5 24. Rxe5 c4 25. Qd4 cxb3 26. cxb3 Qxb3 27. Re7
Rf6 28. Rde1 Rdf8 29. Rc7 Rg6 30. Qxa7 Qc2 31. Rxb7 Qxc3 32. Qe3 Qc6 33. Qe7 Qc8
34. Rd7 Rg5 35. f4 Rg4 36. Kh2 Kh7 37. g3 Qc2+ 38. Qe2 Qg6 39. Qf3 Rfxf4 40.
Qxd5 Rf2+ 41. Kg1 Rf5 42. Rxg7+ Kxg7 43. Re7+ Rf7 44. Qe5+ Kh7 45. Re8 Rxg3+ 46.
Kh2 Rg2+ 0-1

[Event "Airthings Masters Div 3 W"]
[Site "chess.com INT"]
[Date "2023.02.06"]
[Round "2.1"]
[White "Muradli, Mahammad"]
[Black "Bortnyk, Olexandr"]
[Result "0-1"]
[WhiteTitle "GM"]
[BlackTitle "GM"]
[WhiteElo "2539"]
[BlackElo "2605"]
[WhiteFideId "13409301"]
[BlackFideId "14120828"]
[EventDate "2023.02.06"]

1. d4 d6 2. Nf3 Nf6 3. c4 g6 4. Nc3 Bg7 5. e4 O-O 6. Be2 Nbd7 7. O-O e5 8. Be3
c6 9. d5 c5 10. Nd2 Ne8 11. a3 f5 12. f3 f4 13. Bf2 h5 14. b4 b6 15. Nb3 g5 16.
bxc5 bxc5 17. Rb1 Rf6 18. Qd2 Rg6 19. g4 hxg4 20. fxg4 Rh6 21. Kg2 Nb6 22. h3
Nf6 23. Rh1 Qe8 24. Na5 Bd7 25. Qd3 Bf8 26. Nb5 Qc8 27. Bf3 Be8 28. Rb3 Rh7 29.
Rhb1 Bd7 30. Rh1 Qa6 31. Nc6 Be8 32. Rhb1 Bg6 33. Qe2 Qa4 34. Rc3 Nc8 35. Rcc1
Nb6 36. Nbxa7 Nbxd5 37. cxd5 Raxa7 38. Rc4 Qxa3 39. Nxa7 Rxa7 40. h4 gxh4 41.
Bxh4 Nxd5 42. Bf2 Nc3 43. Rxc3 Qxc3 44. Qd1 Ra2 45. Rb7 Qc2 46. Qxc2 Rxc2 47. g5
d5 48. exd5 e4 49. Bd1 Rd2 50. Bb3 e3 51. d6+ Kh8 52. Rb8 Be4+ 53. Kh3 Kg7 54.
Be1 Bf5+ 0-1

[Event "Airthings Masters Div 3 W"]
[Site "chess.com INT"]
[Date "2023.02.06"]
[Round "2.2"]
[White "Bortnyk, Olexandr"]
[Black "Muradli, Mahammad"]
[Result "1/2-1/2"]
[WhiteTitle "GM"]
[BlackTitle "GM"]
[WhiteElo "2605"]
[BlackElo "2539"]
[WhiteFideId "14120828"]
[BlackFideId "13409301"]
[EventDate "2023.02.06"]

1. e4 c5 2. c3 Nf6 3. e5 Nd5 4. d4 cxd4 5. Nf3 d6 6. cxd4 Nc6 7. Bc4 Nb6 8. Bb5
dxe5 9. Nxe5 Bd7 10. Nxd7 Qxd7 11. Nc3 e6 12. O-O Rd8 13. Be3 Be7 14. Qg4 O-O
15. Rfd1 g6 16. d5 Nxd5 17. Nxd5 exd5 18. Qxd7 Rxd7 19. Bxa7 Bf6 20. Rd2 Ra8 21.
Bb6 Rd6 22. Bc5 Rdd8 23. a4 Na5 24. Bb6 Nb3 25. Bxd8 Rxd8 26. Rad1 Nxd2 27. Rxd2
Rc8 28. Rxd5 Bxb2 29. g3 Rc2 30. Rd7 b6 31. Re7 Bd4 32. Re2 Rc1+ 33. Kg2 Kg7 34.
h4 h5 35. Re4 Bc5 36. Rc4 Ra1 37. Re4 f6 38. Re6 Ra2 39. Re2 Ra3 40. Re6 Ra1 41.
Re2 g5 42. hxg5 fxg5 43. Re6 Ra3 44. Re5 Kf6 45. Re8 Bd4 46. Re4 Be5 47. Rc4 Ra2
48. Rc6+ Kg7 49. Rxb6 Rxf2+ 50. Kxf2 Bd4+ 51. Kg2 Bxb6 52. g4 hxg4 53. Bd7 g3
54. Kxg3 Kf6 55. Kg4 Bc7 56. Bb5 Ba5 57. Bc6 Bb6 58. Bb5 Ba5 59. Bc6 Bb6 60. Bb5
Ba5 1/2-1/2

[Event "Airthings Masters Div 3 W"]
[Site "chess.com INT"]
[Date "2023.02.07"]
[Round "3.1"]
[White "Pranav, V"]
[Black "Praggnanandhaa, R"]
[Result "0-1"]
[WhiteTitle "GM"]
[BlackTitle "GM"]
[WhiteElo "2545"]
[BlackElo "2690"]
[WhiteFideId "25060783"]
[BlackFideId "25059530"]
[EventDate "2023.02.06"]

1. e4 c5 2. Nf3 Nc6 3. Bb5 g6 4. O-O Bg7 5. c3 Nf6 6. Re1 O-O 7. h3 e5 8. a3 Re8
9. b4 d5 10. exd5 Nxd5 11. d3 cxb4 12. axb4 Ndxb4 13. Bg5 f6 14. cxb4 fxg5 15.
Nc3 g4 16. hxg4 Bxg4 17. Bxc6 bxc6 18. Ne4 Rf8 19. Qc2 Bxf3 20. gxf3 Qd7 21. Kg2
Kh8 22. Rh1 Rab8 23. Qc4 h6 24. Rh3 Rf4 25. Qc5 Rb7 26. Rah1 Qd5 27. Qc3 Rd7 28.
Rg3 Kh7 29. Ng5+ Kg8 30. Ne4 g5 31. Rc1 Rf8 32. Qxc6 Qxc6 33. Rxc6 Rxd3 34. Ra6
Rf7 35. Nd6 Rf6 0-1

[Event "Airthings Masters Div 3 W"]
[Site "chess.com INT"]
[Date "2023.02.07"]
[Round "3.2"]
[White "Praggnanandhaa, R"]
[Black "Pranav, V"]
[Result "1-0"]
[WhiteTitle "GM"]
[BlackTitle "GM"]
[WhiteElo "2690"]
[BlackElo "2545"]
[WhiteFideId "25059530"]
[BlackFideId "25060783"]
[EventDate "2023.02.06"]

1. d4 Nf6 2. c4 e6 3. Nf3 Bb4+ 4. Bd2 a5 5. a3 Bxd2+ 6. Qxd2 d6 7. Nc3 O-O 8. e3
Qe7 9. Bd3 e5 10. Bc2 h6 11. h3 e4 12. Nh2 c6 13. O-O d5 14. cxd5 cxd5 15. f3
exf3 16. Rxf3 Nc6 17. Raf1 Rd8 18. Qd3 Kf8 19. Bb3 Be6 20. Rxf6 gxf6 21. Qh7 Ke8
22. Qxh6 f5 23. Nf3 b5 24. Nxb5 a4 25. Bc2 Rdb8 26. Bd3 Ra5 27. Rc1 Rb6 28. Rc5
f6 29. Nh4 Kd8 30. Ng6 Qe8 31. Nf4 Qe7 32. Nxd5 Bxd5 33. Qh8+ Kd7 34. Bxf5+ Be6
35. Rd5+ 1-0

[Event "Airthings Masters Div 3 W"]
[Site "chess.com INT"]
[Date "2023.02.07"]
[Round "3.1"]
[White "Martinez Alcantara, Jose Eduardo"]
[Black "Lenderman, Aleksandr"]
[Result "1/2-1/2"]
[WhiteTitle "GM"]
[BlackTitle "GM"]
[WhiteElo "2607"]
[BlackElo "2572"]
[WhiteFideId "3805662"]
[BlackFideId "2021285"]
[EventDate "2023.02.06"]

1. e4 e5 2. Nf3 Nf6 3. d4 Nxe4 4. Bd3 d5 5. Nxe5 Nd7 6. Nxd7 Bxd7 7. O-O Bd6 8.
c4 O-O 9. cxd5 f5 10. Nd2 Nxd2 11. Bxd2 Qf6 12. Bc3 Rae8 13. Re1 Rxe1+ 14. Qxe1
Qh6 15. h3 Re8 16. Qd2 f4 17. Re1 Rxe1+ 18. Qxe1 f3 19. Qe3 Qh5 20. Be4 fxg2 21.
Kxg2 Qh4 22. Bd3 Bf4 23. Qf3 Qg5+ 24. Kf1 Qh4 25. Kg2 Qg5+ 26. Kf1 Qh4 27. Kg2 1/2-1/2

[Event "Airthings Masters Div 3 W"]
[Site "chess.com INT"]
[Date "2023.02.07"]
[Round "3.3"]
[White "Martinez Alcantara, Jose Eduardo"]
[Black "Lenderman, Aleksandr"]
[Result "0-1"]
[WhiteTitle "GM"]
[BlackTitle "GM"]
[WhiteElo "2607"]
[BlackElo "2572"]
[WhiteFideId "3805662"]
[BlackFideId "2021285"]
[EventDate "2023.02.06"]

1. e4 e5 2. Nf3 Nf6 3. Nxe5 d6 4. Nf3 Nxe4 5. d4 d5 6. Bd3 Be7 7. O-O Nc6 8. Re1
Bg4 9. c3 f5 10. Qb3 O-O 11. Nbd2 Na5 12. Qa4 Nc6 13. Bb5 Rf6 14. Bxc6 Rxc6 15.
Ne5 Ra6 16. Qc2 Bh5 17. Nf1 Bh4 18. g3 Bf6 19. f3 Nd6 20. Qf2 Nf7 21. Nd3 Ng5
22. Bxg5 Bxg5 23. Nc5 Rb6 24. Ne6 Qe7 25. Nf4 Qf7 26. Nxh5 Qxh5 27. Re5 Qf7 28.
Rae1 g6 29. f4 Bf6 30. R5e2 Kg7 31. h3 Rf8 32. Nh2 h6 33. Kg2 Kh7 34. h4 Rg8 35.
Nf3 Rd6 36. Rh1 h5 37. Rhe1 c6 38. Re3 Rd7 39. R1e2 Re7 40. Re5 Rge8 41. a4 Kg8
42. Rxe7 Rxe7 43. Ne5 Qe8 44. Kf1 Kg7 45. b4 b6 46. Qf3 Re6 47. Qd3 Kh7 48. Ke1
Kg7 49. Kd2 Kh7 50. Qa6 Re7 51. Qd3 Kg7 52. Re3 Kh7 53. Ke2 Kg7 54. Kf2 Kh7 55.
b5 cxb5 56. axb5 Kg7 57. Nc6 Re4 58. Nb4 Rxe3 59. Qxe3 Qxb5 60. Qe6 Bxd4+ 61.
Kg2 Bxc3 62. Nxd5 Qb2+ 63. Kf3 Bd4 64. Qe7+ Kh6 65. Qf8+ Kh7 66. Qe7+ Kh6 67.
Ne3 Qc3 68. Qf8+ Kh7 69. Qe7+ Kh6 70. Kg2 Qxe3 71. Qf8+ Kh7 72. Qf7+ Kh6 73.
Qf8+ Kh7 74. Kh3 Qf2 75. Qe7+ Kh6 76. Qf8+ Kh7 77. Qf7+ Kh6 78. Qc4 Qg1 79. Qd5
Qf1+ 80. Qg2 Qxg2+ 81. Kxg2 Bc3 82. Kf3 Be1 83. Ke2 Bxg3 84. Kf3 Bxh4 85. Ke3 g5
86. Kd4 gxf4 87. Kd3 f3 88. Ke3 f2 89. Ke2 b5 90. Kf1 b4 91. Kg2 b3 92. Kf1 b2
93. Kg2 b1=Q 94. Kh3 f1=Q+ 95. Kh2 Qc2# 0-1

[Event "Airthings Masters Div 3 W"]
[Site "chess.com INT"]
[Date "2023.02.07"]
[Round "3.1"]
[White "Maghsoodloo, Parham"]
[Black "Sevian, Samuel"]
[Result "1/2-1/2"]
[WhiteTitle "GM"]
[BlackTitle "GM"]
[WhiteElo "2728"]
[BlackElo "2687"]
[WhiteFideId "12539929"]
[BlackFideId "2040506"]
[EventDate "2023.02.06"]

1. d4 Nf6 2. c4 e6 3. Nc3 Bb4 4. Nf3 d5 5. Bg5 h6 6. Bxf6 Qxf6 7. Qa4+ Nc6 8. e3
O-O 9. Be2 dxc4 10. O-O Bd7 11. Bxc4 Bxc3 12. bxc3 Rfd8 13. Qa3 Qe7 14. Qb2 Na5
15. Be2 c5 16. Ne5 Rac8 17. h3 Be8 18. Rad1 Rc7 19. Bd3 Nc6 20. Nf3 cxd4 21.
cxd4 Nb4 22. Bb1 Nd5 23. Rc1 Rdc8 24. Rxc7 Qxc7 25. Ne5 Nc3 26. Bd3 a6 27. f4
Bb5 28. Bxb5 Nxb5 29. f5 exf5 30. Rxf5 Qc1+ 31. Qxc1 Rxc1+ 32. Rf1 Rc7 33. a4
Nc3 34. a5 f6 35. Nd3 Ne4 36. Rf4 Nd6 37. e4 Nc4 38. Rf5 Rd7 39. d5 Nxa5 40. Nc5
Rd6 41. Kf2 b5 42. Ke3 Kf7 43. Nd3 Ke7 44. Kd4 Nc6+ 45. Kc5 Nb8 46. Rf2 Nd7+ 47.
Kd4 Rb6 48. Ra2 Kd6 49. h4 b4 50. Ra5 b3 51. Kc3 Ne5 52. Nb2 Kc7 53. h5 Kd6 54.
Na4 Rb7 55. Rxa6+ Ke7 56. Rb6 Rxb6 57. Nxb6 Nf7 58. Nc4 Ng5 59. Nd2 Kd6 60. Kxb3
f5 61. Nc4+ Kc5 62. exf5 Kxd5 63. Ne3+ Ke5 64. Kc4 Ne4 65. Kd3 Ng3 66. Kd2 Nxf5
67. g4 Ng3 68. Ke1 Kf4 69. Kf2 Ne4+ 70. Ke2 Nf6 71. Nf5 Ne8 72. Ne3 Nd6 73. Kf2
Ne4+ 74. Ke2 Ng5 75. Kf2 Ne6 76. Ke2 Kg3 77. Kd3 Kf3 78. Kd2 Nd4 79. Kd3 Ne6 80.
Kd2 Kg3 81. Kd3 Kf4 82. Ke2 Nc5 83. Nf5 Ne6 84. Ne3 1/2-1/2

[Event "Airthings Masters Div 3 W"]
[Site "chess.com INT"]
[Date "2023.02.07"]
[Round "3.2"]
[White "Sevian, Samuel"]
[Black "Maghsoodloo, Parham"]
[Result "1-0"]
[WhiteTitle "GM"]
[BlackTitle "GM"]
[WhiteElo "2687"]
[BlackElo "2728"]
[WhiteFideId "2040506"]
[BlackFideId "12539929"]
[EventDate "2023.02.06"]

1. e4 e5 2. Nf3 Nc6 3. Bc4 Bc5 4. O-O Nf6 5. d3 d6 6. c3 O-O 7. h3 h6 8. Re1 a6
9. a4 Ba7 10. Nbd2 Re8 11. b4 Be6 12. Bxe6 Rxe6 13. Qc2 Qd7 14. Nf1 Rd8 15. Be3
Bxe3 16. Nxe3 Ne7 17. Rad1 Ng6 18. c4 c6 19. a5 d5 20. d4 Nxe4 21. cxd5 cxd5 22.
Nxd5 Nxf2 23. Kxf2 e4 24. Nb6 Rxb6 25. axb6 exf3 26. Kxf3 Qd6 27. Qc7 Qf6+ 28.
Kg3 Rd7 29. Qb8+ Kh7 30. Kh2 Qxb6 31. Qe8 Qd6+ 32. Kh1 Nf4 33. Qe4+ g6 34. d5
Nh5 35. Qe5 Qxb4 36. Rc1 Ng7 37. Red1 Qa4 38. d6 Ne6 39. Re1 Qh4 40. Rc8 Ng7 41.
Rec1 Qg5 42. Qxg5 hxg5 43. R8c7 Rxd6 44. Rxf7 Kh6 45. Rcc7 g4 46. Rxg7 g3 47.
Rh7+ Kg5 48. Rc1 b5 49. Ra7 b4 50. Rb7 Rd4 51. Rb6 Kf4 52. Rxa6 Ke3 53. Ra2 Rd2
54. Rxd2 Kxd2 55. Rc6 b3 56. Rxg6 b2 57. Rb6 Kc2 58. h4 1-0

[Event "Airthings Masters Div 3 W"]
[Site "chess.com INT"]
[Date "2023.02.07"]
[Round "3.1"]
[White "Le, Tuan Minh"]
[Black "Bortnyk, Olexandr"]
[Result "0-1"]
[WhiteTitle "GM"]
[BlackTitle "GM"]
[WhiteElo "2542"]
[BlackElo "2605"]
[WhiteFideId "12401153"]
[BlackFideId "14120828"]
[EventDate "2023.02.06"]

1. d4 Nf6 2. Nf3 d5 3. Bg5 Ne4 4. Bf4 f6 5. Nfd2 Nc6 6. Nxe4 dxe4 7. d5 e5 8.
Bc1 Ne7 9. c4 c6 10. Nc3 Bf5 11. f3 exf3 12. gxf3 Ng6 13. e4 Bd7 14. Be3 cxd5
15. cxd5 Rc8 16. Qb3 Bc5 17. Bxc5 Rxc5 18. O-O-O O-O 19. Kb1 Nf4 20. Bb5 Bh3 21.
Rhg1 a6 22. Bf1 Bxf1 23. Rgxf1 Qd6 24. Na4 Rb5 25. Qc2 h5 26. Rc1 Kh7 27. Rg1
Rf7 28. h4 Qb4 29. Rgd1 Ra5 30. Nc3 Rc5 31. Qa4 Qxa4 32. Nxa4 Rxc1+ 33. Rxc1 g5
34. hxg5 fxg5 35. d6 Ne6 36. Nb6 Rxf3 37. d7 g4 38. Nc4 g3 39. Nxe5 Rf8 40. Rg1
h4 41. Rh1 Rf4 42. Nd3 g2 0-1

[Event "Airthings Masters Div 3 W"]
[Site "chess.com INT"]
[Date "2023.02.07"]
[Round "3.2"]
[White "Bortnyk, Olexandr"]
[Black "Le, Tuan Minh"]
[Result "0-1"]
[WhiteTitle "GM"]
[BlackTitle "GM"]
[WhiteElo "2605"]
[BlackElo "2542"]
[WhiteFideId "14120828"]
[BlackFideId "12401153"]
[EventDate "2023.02.06"]

1. e4 c5 2. c3 Nf6 3. e5 Nd5 4. d4 cxd4 5. Nf3 e6 6. cxd4 d6 7. Bc4 Be7 8. O-O
O-O 9. Qe2 b6 10. Nbd2 Bb7 11. Ne4 dxe5 12. dxe5 Nd7 13. Bd2 Rc8 14. Rac1 Rc7
15. Rfd1 h6 16. a3 Qb8 17. Ng3 Rfc8 18. Bd3 Nc5 19. Rxc5 Rxc5 20. Nh5 g6 21.
Bxh6 gxh5 22. Qe4 Nf6 23. Qh4 Rxe5 24. Bf4 Bxf3 25. Qg3+ Ng4 26. gxf3 Bd6 27.
fxg4 Rd5 28. Bxd6 Qxd6 29. Bh7+ Kxh7 30. Qxd6 Rxd6 31. Rxd6 hxg4 32. Rd7 Kg6 33.
Rxa7 f5 34. Ra6 Rc6 35. a4 f4 36. Kg2 Kg5 37. h3 e5 38. a5 Rc1 39. hxg4 e4 40.
axb6 Rc2 41. Ra8 Rxb2 42. Rg8+ Kh4 43. g5 f3+ 44. Kg1 e3 45. Rh8+ Kg4 46. Re8
Rb1+ 47. Kh2 exf2 48. Re4+ Kxg5 49. b7 f1=Q 50. b8=Q Qg2# 0-1

[Event "Airthings Masters Div 3 W"]
[Site "chess.com INT"]
[Date "2023.02.07"]
[Round "3.3"]
[White "Bortnyk, Olexandr"]
[Black "Le, Tuan Minh"]
[Result "1-0"]
[WhiteTitle "GM"]
[BlackTitle "GM"]
[WhiteElo "2605"]
[BlackElo "2542"]
[WhiteFideId "14120828"]
[BlackFideId "12401153"]
[EventDate "2023.02.06"]

1. e4 c5 2. Nf3 Nf6 3. e5 Nd5 4. Nc3 Nxc3 5. dxc3 Nc6 6. Bf4 h6 7. Bc4 e6 8. Qe2
Qc7 9. O-O-O b6 10. Rd2 g5 11. Bg3 g4 12. Nh4 h5 13. Kb1 Bb7 14. Rhd1 O-O-O 15.
f3 Be7 16. Ba6 Kb8 17. Bxb7 Kxb7 18. fxg4 hxg4 19. Qxg4 Nxe5 20. Qe2 d6 21. Bxe5
dxe5 22. Nf3 Rxd2 23. Rxd2 f6 24. Qe4+ Kb8 25. Qg4 Qc6 26. Qg7 Qe8 27. Nxe5 fxe5
28. Qxe5+ Ka8 29. Qe4+ Kb8 30. Qe5+ Ka8 31. Qc7 Bf8 32. Rd8+ Qxd8 33. Qxd8+ Kb7
34. a4 1-0

[Event "Airthings Masters Div 3 W"]
[Site "chess.com INT"]
[Date "2023.02.07"]
[Round "4.1"]
[White "Praggnanandhaa, R"]
[Black "Lenderman, Aleksandr"]
[Result "1/2-1/2"]
[WhiteTitle "GM"]
[BlackTitle "GM"]
[WhiteElo "2690"]
[BlackElo "2572"]
[WhiteFideId "25059530"]
[BlackFideId "2021285"]
[EventDate "2023.02.06"]

1. e4 e5 2. Nf3 Nf6 3. Nxe5 d6 4. Nf3 Nxe4 5. Bd3 d5 6. O-O Be7 7. Re1 Nd6 8.
Bf1 O-O 9. d4 Bf5 10. Bf4 Nd7 11. c3 c6 12. Qb3 Nb6 13. Nbd2 Ne4 14. a4 Bd6 15.
Bxd6 Nxd6 16. a5 Nd7 17. c4 dxc4 18. Nxc4 Nxc4 19. Bxc4 b5 20. Bd3 Bxd3 21. Qxd3
Nc5 22. Qc3 Ne6 23. Qxc6 Nxd4 24. Nxd4 Qxd4 25. Qxb5 Rab8 26. Qe5 Qxe5 27. Rxe5
Rxb2 28. Re7 Rfb8 29. Rae1 g6 30. Rxa7 Ra2 31. g3 Rbb2 32. Rf1 Rb5 33. a6 Rba5
34. h4 Rxa6 35. Rxa6 Rxa6 36. Kg2 1/2-1/2